Statistics for Alfre Woodard Filmography

Click here to take the quiz!

General Stats

  • This quiz has been taken 14 times
    (4 since last reset)
  • The average score is 5 of 163

Answer Stats

TypeYearName% Correct
Film2016Captain America: Civil War
100%
Film201312 Years a Slave
50%
Film2014Annabelle
50%
Web Series2016-2018Marvel's Luke Cage
50%
Film2019The Lion King
50%
Film1983Cross Creek
25%
TV Show2005-2006Desperate Housewives
25%
Film2000Dinosaur
25%
TV Show2011Grey's Anatomy
25%
Short Film2000John Henry
25%
Film2023The Book of Clarence
25%
Film2022The Gray Man
25%
Film2002The Wild Thornberrys Movie
25%
Theater19812 by South
0%
TV Show1997Adventures from the Book of Virtues
0%
Film1995Aesop's Fables
0%
TV Film1994Aliens for Breakfast
0%
Short Documentary2004All Our Sons: Fallen Heroes of 9/11
0%
Theater1985A Map of the World
0%
Film2008AmericanEast
0%
Short Documentary2001American Exile
0%
Documentary Series1994, 2000American Experience
0%
TV Show1982American Playhouse
0%
Film2008American Violet
0%
TV Film1989A Mother's Courage: The Mary Thomas Story
0%
Film1996A Step Toward Tomorrow
0%
Theater1989A Winter's Tale
0%
TV Film2003A Wrinkle in Time
0%
Film2002Baby of the Family
0%
Film2005Beauty Shop
0%
TV Mini-Series2010Black Panther
0%
TV Film1990Blue Bayou
0%
Film1994Blue Chips
0%
Film1993Bopha!
0%
TV Documentary2015Bridging the Divide: Tom Bradley and the Politics of Race
0%
Film2017Burning Sands
0%
Documentary Mini-Series1997Cadillac Desert: Water and the Transformation of Nature
0%
Film2019Clemency
0%
TV Show2013Copper
0%
Documentary1994Countdown to Freedom: 10 Days That Changed South Africa
0%
Film1994Crooklyn
0%
Documentary1999Different Moms
0%
Film1998Down in the Delta
0%
Theater2004Drowning Crow
0%
TV Show2018Empire
0%
TV Show1981Enos
0%
Film1986Extremities
0%
TV Show1985Faerie Tale Theatre
0%
Film2021Fatherhood
0%
Film1996Follow Me Home
0%
TV Show1994Frasier
0%
TV Documentary1994Frederick Douglass: When the Lion Wrote History
0%
TV Film1979Freedom Road
0%
Documentary1994Frontline
0%
Film1999Funny Valentines
0%
TV Film1984Go Tell It on the Mountain
0%
Film1991Grand Canyon
0%
TV Mini-Series1996Gulliver's Travels
0%
TV Documentary2000Half Past Autumn: The Life and Works of Gordon Parks
0%
TV Show1997Happily Ever After: Fairy Tales for Every Child
0%
Documentary2022Harriet Tubman: Visions of Freedom
0%
FilmTBAHate to See You Go
0%
Documentary2010Have You Heard from Johannesburg
0%
Film1980HealtH
0%
Film1993Heart and Souls
0%
TV Show1983Hill Street Blues
0%
TV Film2000Holiday Heart
0%
TV Show1998Homicide: Life on the Street
0%
Film1995How to Make an American Quilt
0%
Documentary Series2004, 2013Independent Lens
0%
Film2019Juanita
0%
Film2006King Leopold's Ghost
0%
Film2015Knucklehead
0%
Film2001K-PAX
0%
TV Show1986L.A. Law
0%
Web Series2017-2018Lemony Snicket's A Series of Unfortunate Events
0%
Film2000Lost Souls
0%
Film2000Love & Basketball
0%
TV Film2009Maggie Hill
0%
TV Special2020Make It Work!
0%
TV Film1987Mandela
0%
TV Show2023-PresentMarvel's Moon Girl and Devil Dinosaur
0%
Documentary2015Mary Lou Williams: The Lady Who Swings the Band
0%
Theater1975-1976Me and Bessie
0%
TV Documentary2008Medal of Honor
0%
TV Show2010-2011Memphis Beat
0%
Documentary2013Miracle Rising: South Africa
0%
Short Documentary2021Miss Alma Thomas: A Life in Color
0%
TV Film1997Miss Evers' Boys
0%
Film1989Miss Firecracker
0%
Film2015Mississippi Grind
0%
TV Show2024Monsieur Spade
0%
Film1999Mumford
0%
TV Show2008My Own Worst Enemy
0%
Documentary2003Nat Turner: A Troublesome Property
0%
TV Documentary2007Nefertiti and the Lost Dynasty
0%
Documentary2020No Small Matter
0%
TV Show1981Palmerstown, U.S.A.
0%
Film1992Passion Fish
0%
TV Film2007Pictures of Hollis Woods
0%
TV Film1982Precious Blood
0%
Film1991Pretty Hattie's Baby
0%
Film1996Primal Fear
0%
TV Show2012Private Practice
0%
TV Film1994Race to Freedom: The Underground Railroad
0%
Film2003Radio
0%
Film2008Reach for Me
0%
TV Show2004Reading Rainbow
0%
Short Documentary2014Reflect, Reclaim, Rejoice: Preserving the Gift of Black Sacred Music
0%
Film1978Remember My Name
0%
Film1992Rich in Love
0%
Documentary2008Road to Ingwavuma
0%
Film2018Saint Judy
0%
FilmTBASalem's Lot
0%
TV Show1985Sara
0%
Film1988Scrooged
0%
Documentary2002Searching for Debra Winger
0%
Short Film1998Secrets
0%
Web Series2019-PresentSee
0%
TV Documentary1997Slave Ship
0%
Film2016So B. It
0%
Film2006Something New
0%
Theater1976So Nice, They Named It Twice
0%
Film1996Star Trek: First Contact
0%
TV Show2014-2015State of Affairs
0%
TV Show2003Static Shock
0%
Short Film1996Statistically Speaking
0%
TV Film2012Steel Magnolias
0%
TV Show1985-1988St. Elsewhere
0%
FilmTBASummer Camp
0%
TV Show2008Sweet Blackberry Presents
0%
TV Film1984Sweet Revenge
0%
Film2006Take the Lead
0%
TV Film1982The Ambush Murders
0%
Film1997The Brave Little Toaster to the Rescue
0%
TV Film1988The Child Saver
0%
Film2003The Core
0%
Short Film2013The Door
0%
Film2008The Family That Preys
0%
Film2004The Forgotten
0%
Film1992The Gun in Betty Lou's Handbag
0%
Documentary2014The Hazda: Last of the First
0%
TV Show2014, 2015The Last Ship
0%
TV Film1997The Member of the Wedding
0%
TV Film1995The Piano Lesson
0%
TV Show2022The Porter
0%
TV Show2003The Practice
0%
Film2003The Singing Detective
0%
TV Mini-Series1981The Sophisticated Gents
0%
TV Film1978The Trial of the Moke
0%
TV Film2006The Water Is Wide
0%
TV Show1980The White Shadow
0%
TV Film1999The Wishing Tree
0%
TV Show2009-2010Three Rivers
0%
TV Show2010-2012True Blood
0%
TV Show1982-1983Tucker's Witch
0%
Documentary2003Unchained Memories
0%
TV Film1986Unnatural Causes
0%
FilmTBAViral
0%
Short Film2023Weathering
0%
Film2000What's Cooking?
0%
TV Show2011Women, War & Peace
0%
TV Film1985Words by Heart
0%

Score Distribution

Percentile by Number Answered

Percent of People with Each Score

Your Score History

You have not taken this quiz since the last reset